000
00330nam a2200145Ia 4500
003
OSt
005
20240322105131.0
008
170524s9999 xx 000 0 und d
020
_a
978-8120310124
040
_c
IIMT
100
_a
KANTER- J
245
0
_a
MANAGING WITH INFORMATION
260
_b
HIMALYA PUB. HOUSE
942
_2
ddc
_c
02
999
_c
8049
_d
8049